| 000 | 00383nam a2200145 a 4500 | ||
|---|---|---|---|
| 001 | 1581 | ||
| 003 | CDMR | ||
| 005 | 20130116135212.0 | ||
| 008 | 130130s2010||||||||||||||||||||||||||||d | ||
| 040 |
_aCDMR _bcat _cCPC GIRONA |
||
| 100 | 1 |
_aDalmases, Pablo Ignacio de _91186 |
|
| 245 | 1 | 0 |
_aHuracán sobre el Sáhara _cde Dalmases, Pablo-Ignacio |
| 260 |
_c2010 _bEditorial Base |
||
| 942 | _cMON | ||
| 999 |
_c1581 _d1581 |
||